=LDR 00000nam 2200000 4500 =001 INLIS000000000035064 =005 20130612140940 =008 ***********************************Ind** =035 ##$$0010-061300000035064 =041 ##$$a Ind =082 ##$$a 610.730 6 =090 ##$$a 610.730 6, Mun k =100 ##$$a Mundakir =245 ##$$a Komunikasi keperawatan, Aplikasi dalam pelayanan, Mundakir =260 ##$$a 2006 $b Yogyakarta =300 ##$$a xii, 200 hlm, ilus, 23 cm =650 ##$$a Kesehatan =850 ##$$a NBPNMAT